| 000 | 01592cam a22003734i 4500 | ||
|---|---|---|---|
| 003 | PE-LiUPU | ||
| 005 | 20250731175636.0 | ||
| 008 | 150706s2005 xxua r 000 0 spa d | ||
| 020 | _a9780521614030 | ||
| 035 | _a(Sirsi) i9780521614030 | ||
| 040 |
_aPE-LiUPU _bspa _cPE-LiUPU _erda |
||
| 049 | _aPRUA | ||
| 082 | 0 | 4 |
_a428.207 _bH599a _221 |
| 100 | 1 |
_aHewings, Martin, _eautor. |
|
| 245 | 1 | 0 |
_aAdvanced grammar in use : _ba self-study reference and practice book for advanced learners of English ; with answers / _cMartin Hewings. |
| 250 | _aSegunda edición. | ||
| 264 | 1 |
_aCambridge, UK ; New York : _bCambridge University Press, _c2005. |
|
| 300 |
_a294 páginas : _bilustraciones ; _c27 centímetros. |
||
| 300 | _aCD-ROM | ||
| 336 |
_atext _2rdacontent |
||
| 337 |
_aunmediated _2rdamedia |
||
| 338 |
_avolume _2rdacarrier |
||
| 505 | 0 | _aTenses -- The Future -- Modals and semi-modals -- Linking verbs, passives, questions -- Verb complementation: what follows verbs -- Reporting -- Nouns -- Articles, determiners and quantifiers -- Relative clauses and other types of clauses -- Pronouns substitution and leaving out words -- Adjectives and adverbs -- Adverbial clauses and conjuntions -- Prepositions -- Organising information. | |
| 526 | _aP145 | ||
| 526 | _aP127 | ||
| 526 | _aP97 | ||
| 526 | _aP35 | ||
| 526 | _aP14 | ||
| 526 | _aP07 | ||
| 650 | 1 | 4 |
_aInglés _xGramática _vEstudio y enseñanza. |
| 942 |
_2ddc _cBK |
||
| 999 |
_c50877 _d50877 |
||
| 980 |
_81 _gALBERTO SANCHEZ Responsable de Automatización |
||